Szimpozion a politikai diskurzuselemzésről
Elmentve itt :
| Szerző: | |
|---|---|
| Adatforrás: | Philobibl |
| Forrásdokumentuma: | Politikatudományi Szemle 13.2004:4. 135-137. p. |
| Dokumentumtípus: | Cikk |
| Nyelv: | magyar |
| Kulcsszavak: | politikai filozófia társadalom társadalomelmélet diskurzuselemzés |
| Megjelent: |
2004
|
| LEADER | 00464nab a2200157 c 4500 | ||
|---|---|---|---|
| 001 | bibPHI0029157 | ||
| 005 | 20200924122442.8 | ||
| 008 | 061123s2004 xx 00010 hun | ||
| 100 | 1 | |a Szabó Márton | |
| 245 | 1 | 0 | |a Szimpozion a politikai diskurzuselemzésről |c Szabó Márton |
| 260 | |c 2004 | ||
| 695 | |a politikai filozófia | ||
| 695 | |a társadalom | ||
| 695 | |a társadalomelmélet | ||
| 695 | |a diskurzuselemzés | ||
| 773 | 0 | |t Politikatudományi Szemle |g 13.2004:4. 135-137. p. | |